Flat Stanley (Record no. 1312)

MARC details
000 -LEADER
fixed length control field 00870cam a22002651a 4500
005 - DATE AND TIME OF LATEST TRANSACTION
control field 20260401111119.0
020 ## - INTERNATIONAL STANDARD BOOK NUMBER
International Standard Book Number 0060206810
020 ## - INTERNATIONAL STANDARD BOOK NUMBER
International Standard Book Number 9781405288101
040 ## - CATALOGING SOURCE
Original cataloging agency DLC
Transcribing agency ODaWU
Modifying agency OCoLC
-- CGl
-- DLC
Language of cataloging eng
050 00 - LIBRARY OF CONGRESS CALL NUMBER
Classification number PZ8.B744
082 ## - DEWEY DECIMAL CLASSIFICATION NUMBER
Edition number Fic
100 1# - MAIN ENTRY--PERSONAL NAME
Personal name Brown, Jeff
Dates associated with a name 1926-2003.
245 10 - TITLE STATEMENT
Title Flat Stanley
Statement of responsibility, etc. by Jeff Brown ; illustrated by Biddulph, Rob
260 ## - PUBLICATION, DISTRIBUTION, ETC.
Place of publication, distribution, etc. New York, N.Y. :
Name of publisher, distributor, etc. Methuen & Co.Ltd
Date of publication, distribution, etc. 1964.
300 ## - PHYSICAL DESCRIPTION
Extent 59 pages :
Other physical details Illustrations ;
Dimensions 21 cm.
490 ## - SERIES STATEMENT
Series statement The original classic adventure
505 ## - FORMATTED CONTENTS NOTE
Formatted contents note N <br/><br/><br/>
520 ## - SUMMARY, ETC.
Summary, etc. After a bulletin board falls on Stanley while he is sleeping, he finds that being flat has its advantages.
521 ## - TARGET AUDIENCE NOTE
Target audience note 550 <br/><br/><br/>
Source Lexile <br/>
521 ## - TARGET AUDIENCE NOTE
Target audience note N <br/><br/>
Source Raz-Plus <br/>
700 1# - ADDED ENTRY--PERSONAL NAME
Personal name Brown ,Jeff
Dates associated with a name 1931-2019.
906 ## - LOCAL DATA ELEMENT F, LDF (RLIN)
a 7
b cbc
c oclcrpl
d u
e ncip
f 19
g y-gencatlg
942 ## - ADDED ENTRY ELEMENTS (KOHA)
Source of classification or shelving scheme Dewey Decimal Classification
Koha item type Books
Suppress in OPAC No
999 ## -
-- 1312
-- 1312
Holdings
Withdrawn status Lost status Source of classification or shelving scheme Damaged status Not for loan Collection Home library Current library Shelving location Date acquired Total Checkouts Full call number Barcode Date last seen Copy number Price effective from Koha item type Date last checked out
    Dewey Decimal Classification     Juvenile Fiction Footprints International School Library Network Toul Kork Campus Footprints International School Library Network Toul Kork Campus   08/14/2023   BRO Fic PZ7.B81422 FIS02168 08/14/2023 1 08/14/2023 Books  
    Dewey Decimal Classification     Juvenile Fiction Footprints International School Library Network Toul Kork Campus Footprints International School Library Network Toul Kork Campus   08/14/2023   BRO Fic PZ7.B81422 FISBK073149 08/14/2023 2 08/14/2023 Books  
    Dewey Decimal Classification     Juvenile Fiction Footprints International School Library Network Toul Kork Campus Footprints International School Library Network Toul Kork Campus   08/14/2023   BRO Fic PZ7.B81422 FIS02158 08/14/2023 3 08/14/2023 Books  
    Dewey Decimal Classification     Juvenile Fiction Footprints International School Library Network Toul Kork Campus Footprints International School Library Network Toul Kork Campus   08/14/2023   BRO Fic PZ7.B81422 FISBK073101 08/14/2023 4 08/14/2023 Books  
    Dewey Decimal Classification     Juvenile Fiction Footprints International School Library Network Toul Kork Campus Footprints International School Library Network Toul Kork Campus   08/14/2023 5 BRO Fic PZ7.B81422 FIS02155 05/21/2025 5 08/14/2023 Books 05/07/2025
    Dewey Decimal Classification     Juvenile Fiction Footprints International School Library Network Toul Kork Campus Footprints International School Library Network Toul Kork Campus   08/14/2023   BRO Fic PZ7.B81422 FISSE02529 08/14/2023 6 08/14/2023 Books  
    Dewey Decimal Classification     Juvenile Fiction Footprints International School Library Network Toul Kork Campus Footprints International School Library Network Toul Kork Campus TK Primary Library Room(4th Floor), Bookcase 3&4, Shelves 17-32, Yellow Books 01/31/2024 1 BRO Fic PZ7.B81422 FISSE02542 10/31/2025 7 01/31/2024 Books 10/17/2025
    Dewey Decimal Classification     Juvenile Fiction Footprints International School Library Network Toul Kork Campus Footprints International School Library Network Toul Kork Campus TTP Primary Yellow Bookshelves 12/05/2024   BRO Fic PZ7.B81422 2024-2407 12/05/2024 8 12/05/2024 Books  
    Dewey Decimal Classification     Juvenile Fiction Footprints International School Library Network Toul Tom Poung Campus Footprints International School Library Network Toul Tom Poung Campus TTP Primary Yellow Bookshelves 04/01/2026   BRO Fic PZ7.B81422 2026-0430 04/01/2026 9 04/01/2026 Books